Promoting Equality in Secondary Schools. (Record no. 2718)

MARC details
000 -LEADER
fixed length control field 00562nam a22002057a 4500
003 - CONTROL NUMBER IDENTIFIER
control field OSt
005 - DATE AND TIME OF LATEST TRANSACTION
control field 20191209122548.0
008 - FIXED-LENGTH DATA ELEMENTS--GENERAL INFORMATION
fixed length control field 151126b xxu||||| |||| 00| 0 eng d
020 ## - INTERNATIONAL STANDARD BOOK NUMBER
International Standard Book Number 0304702579
040 ## - CATALOGING SOURCE
Transcribing agency DDC.
082 ## - DEWEY DECIMAL CLASSIFICATION NUMBER
Classification number 373 PRO 1999.
100 ## - MAIN ENTRY--PERSONAL NAME
Personal name Edited by Dave, Hill; Mike,Cole;
9 (RLIN) 6351
245 ## - TITLE STATEMENT
Title Promoting Equality in Secondary Schools.
260 ## - PUBLICATION, DISTRIBUTION, ETC. (IMPRINT)
Place of publication, distribution, etc. London;
Name of publisher, distributor, etc. Cassell,
Date of publication, distribution, etc. 1999.
300 ## - PHYSICAL DESCRIPTION
Extent xvi,352p;
Other physical details ill;
Dimensions 23cm
440 ## - SERIES STATEMENT/ADDED ENTRY--TITLE
Title Introduction to Education;
9 (RLIN) 13143
504 ## - BIBLIOGRAPHY, ETC. NOTE
Bibliography, etc includes index.
650 ## - SUBJECT ADDED ENTRY--TOPICAL TERM
Topical term or geographic name as entry element Education.
9 (RLIN) 1404
942 ## - ADDED ENTRY ELEMENTS (KOHA)
Source of classification or shelving scheme Dewey Decimal Classification
Koha item type Short Loan
Holdings
Withdrawn status Lost status Source of classification or shelving scheme Damaged status Not for loan Home library Current library Date acquired Source of acquisition Inventory number Total Checkouts Full call number Barcode Date last seen Koha item type
    Dewey Decimal Classification     MUST Main Library MUST Main Library 26/11/2015 Purchase 01/15792   373 PRO 1999. 2015-2822 26/11/2015 Short Loan
    Dewey Decimal Classification     MUST Main Library MUST Main Library 09/12/2019 Purchase 01/15793   373 PRO 1999. 2019-0719 09/12/2019 Open Shelf